Представление документа в формате RUSMARC

Поле Инд. ПП Название Значение
Тип записи a
Библиографический уровень a
001 Контрольный номер 997f0bf7946a4d5da8d21b88f82f933f
005 Дата корректировки 20181124200642.9
100 a Данные общей обработки 20181029 ||| 0rusy0189 ca
101 0_ a Язык текста rus
102 a Страна публикации RU
200 1_ f Первые сведения об ответственности К.Т. Анисина
a Заглавие Взаимодействие государственных органов власти с другими участниками финансовых правоотношений посредством цифровой экономики
b Общее обозначение материала Текст
210 d Дата издания 2018
461 _0 1 2000
a Финансовое право
463 _0 1 2000
a №9
v С. 3-7
1 2101
d 2018
1 00151210e6a3ff34a45915a67f3ca91b25b
606 a Основная рубрика Финансовое право
610 0_ a Ключевые слова БЕЗОПАСНОСТЬ ИНФОРМАЦИОННАЯ
a Ключевые слова ИНФОРМАЦИОННЫЕ ТЕХНОЛОГИИ В ЭКОНОМИКЕ
a Ключевые слова ФИНАНСЫ
a Ключевые слова РГУП
700 _1 a Фамилия Анисина
b Имя К.Т.
801 _0 a Страна RU
b Организация РГУП
c Дата составления 20181029
g Правила каталогизации PSBO
801 _1 a Страна RU
b Организация РГУП
c Дата составления 20181029
g Правила каталогизации PSBO
901 t Тип документа b
w Контрольный № источника 51210e6a3ff34a45915a67f3ca91b25b
905 a Дата ввода 20181029